Normal view
MARC view
- Gilani , Bilal Syed NC ( TCC-12)
Entry Personal Name
001 - CONTROL NUMBER
- control field: 131856
003 - CONTROL NUMBER IDENTIFIER
- control field: NUST
005 - DATE AND TIME OF LATEST TRANSACTION
- control field: 20251112172044.0
008 - FIXED-LENGTH DATA ELEMENTS
- fixed length control field: 251112|| aca||aabn | a|a d
040 ## - CATALOGING SOURCE
- Original cataloging agency: NUST
- Transcribing agency: NUST
100 ## - HEADING--PERSONAL NAME
- Personal name: Gilani , Bilal Syed NC ( TCC-12)
670 ## - SOURCE DATA FOUND
- Source citation: Work cat.: (NUST)182834: Gilani , Bilal Syed NC ( TCC-12), Design and implementation of a software GPS transceiver /, 2004
